Poetas de Portimão em colectânea (Registo nº 173)

Detalhes MARC
000 -Etiqueta do registo
Cabeçalho 00739nam0a2200241 4500
005 - Identificador da versão
Campo de controlo 20240813121756.0
021 ## - Número do Depósito Legal
Código do país PT
100 ## - Dados gerais de processamento
Dados gerais de processamento 20160308f1993 a e0pory5003 ba
102 ## - Pais de publicação ou produção
País de publicação Portugal
101 0# - Língua de publicação
Língua do texto, banda sonora, etc. Português
215 ## - Descrição física 
Indicação específica da natureza do documento e extensão da espécie 103 p
200 1# - Titulo e menção de responsabilidade
Título próprio Poetas de Portimão em colectânea
Primeira menção de responsabilidade Albertino António Mestre... [et al.]
210 ## - Publicação, Distribuição, etc. 
Lugar da edição, distribuição, etc. Portimão
Nome do editor, distribuidor, etc. Câmara Municipal
Data da publicação, distribuição, etc. [1993?]
606 ## - Nome comum usado como assunto
Número de registo de entrada de autoridade 0002007
Palavra de ordem Literatura portuguesa
Subdivisão de assunto Poesia
Código do sistema CA
675 ## - Classificação Decimal Universal (CDU)
Notação 821.134.3-1
Edição 3ª ed.
Língua da edição por
701 #1 - Nome de autor-pessoa física (co-responsabilidade principal)
Palavra de ordem Mestre
Outra parte do nome não tomada para palavra de ordem Albertino António
Elementos de identificação ou distinção et al.
Código de função Autor / Co-autor
Palavra de ordem Faria
Outra parte do nome não tomada para palavra de ordem Carminda
Elementos de identificação ou distinção et al.
Palavra de ordem Oliveira
Outra parte do nome não tomada para palavra de ordem Cátia
Elementos de identificação ou distinção et al.
Código de função Autor / Co-autor
966 ## - Identificação da Biblioteca
Sigla EB2,3ENM
942 ## - Elementos de entrada adicionados (Koha)
Tipo de item no Koha Livro
Exemplares
Situação do levantamento Origin of item (home branch) (coded) Biblioteca de empréstimo Código de barras Cota Circulation type (not for loan) Tipo de documento Nota do exemplar Damaged status
  Biblioteca Escolar Eng. Nuno Mergulhão Biblioteca Escolar Eng. Nuno Mergulhão BENM681 82LP-1 POE   Livro Sem mensagem